Giáo trình khái niệm tập hợp, logic; phương pháp thống kê Dùng trong các trường sư phạm cấp I, hệ 10+2 và 12+1

Сохранить в:
Библиографические подробности
Главный автор: Hoàng Chúng
Формат:
Язык:Undetermined
Опубликовано: Hà Nội Giáo dục 1977
Предметы:
Метки: Добавить метку
Нет меток, Требуется 1-ая метка записи!
Thư viện lưu trữ: Trung tâm Học liệu Trường Đại học Cần Thơ
LEADER 00659nam a2200181Ia 4500
001 CTU_1141
008 210402s9999 xx 000 0 und d
082 |a 511.3 
082 |b Ch513 
100 |a Hoàng Chúng 
245 0 |a Giáo trình khái niệm tập hợp, logic; phương pháp thống kê 
245 0 |b Dùng trong các trường sư phạm cấp I, hệ 10+2 và 12+1 
245 0 |c Hoàng Chúng, Lê Ngọc Anh 
260 |a Hà Nội 
260 |b Giáo dục 
260 |c 1977 
650 |a ensembles ( mathematics ),logic, symbolic and mathematical 
980 |a Trung tâm Học liệu Trường Đại học Cần Thơ